<?xml version="1.0" encoding="UTF-8"?>
<record
    xmlns:xsi="http://www.w3.org/2001/XMLSchema-instance"
    xsi:schemaLocation="http://www.loc.gov/MARC21/slim http://www.loc.gov/standards/marcxml/schema/MARC21slim.xsd"
    xmlns="http://www.loc.gov/MARC21/slim">

  <leader>00652nam a2200193   4500</leader>
  <controlfield tag="001">sa 65002259 </controlfield>
  <controlfield tag="003">DLC</controlfield>
  <controlfield tag="005">20260227112115.0</controlfield>
  <controlfield tag="008">880919q19501959br a          00010 buro </controlfield>
  <datafield tag="010" ind1=" " ind2=" ">
    <subfield code="a">sa 65002259 //r882</subfield>
  </datafield>
  <datafield tag="050" ind1="0" ind2=" ">
    <subfield code="a">PL3988.B3</subfield>
    <subfield code="b">L3</subfield>
  </datafield>
  <datafield tag="100" ind1="0" ind2="0">
    <subfield code="a">Ba Thoung,</subfield>
    <subfield code="c">Thakin,</subfield>
    <subfield code="d">1901-</subfield>
  </datafield>
  <datafield tag="245" ind1="1" ind2="0">
    <subfield code="a">L&#x1EA1; kamba hsi th&#x1ECD;;</subfield>
    <subfield code="b">hs&#x101;n kye th&#x101;w akath&#x1EA1; hk&#x1EA1; y&#x12B; sin.</subfield>
    <subfield code="c">Th&#x1EA1; hkin B&#x1EA1; Th&#x101;ung y&#x113;i thi. p&#x101;n chi th&#x1EA1; yok hpaw &#x16A; Kyaw &#x16A;.</subfield>
  </datafield>
  <datafield tag="260" ind1="0" ind2=" ">
    <subfield code="a">[Yan kon,</subfield>
    <subfield code="b">Myan ma Naing Ngan Batha Pyan Sa pei &#x1EA0; th&#x12B;n,</subfield>
    <subfield code="c">195-?]</subfield>
  </datafield>
  <datafield tag="300" ind1=" " ind2=" ">
    <subfield code="a">64 p.</subfield>
    <subfield code="b">illus.</subfield>
    <subfield code="c">18 cm.</subfield>
  </datafield>
  <datafield tag="490" ind1="0" ind2=" ">
    <subfield code="a">Pyi th&#x1EE5; let sw&#x113; sa sin</subfield>
  </datafield>
  <datafield tag="500" ind1=" " ind2=" ">
    <subfield code="a">In Burmese.</subfield>
  </datafield>
  <datafield tag="500" ind1=" " ind2=" ">
    <subfield code="a">A novel.</subfield>
  </datafield>
  <datafield tag="999" ind1=" " ind2=" ">
    <subfield code="c">62552</subfield>
    <subfield code="d">62552</subfield>
  </datafield>
</record>
